| 000 | 00769nam a22002897a 4500 | ||
|---|---|---|---|
| 003 | OSt | ||
| 005 | 20140310181911.0 | ||
| 008 | 130712t xxu||||| |||| 00| 0 eng d | ||
| 050 |
_aLC 287 _b.B813 2004 |
||
| 082 |
_2TR 170.20223 _bV215 2005 |
||
| 245 |
_aValuEducation / _cBrahma Kumaris Educational Society. |
||
| 260 | _cc2004. | ||
| 300 |
_a111 p. ; _a128 p. ; _a92 p. ; _a95 p. ; _a112 p. ; _a96 p. ; _a141 p. ; _a175 p. ; _a112 p. ; _a32 p. ; _bill. ; _c28 cm. |
||
| 520 | _aFaculty | ||
| 541 | _j1 | ||
| 541 | _j1 | ||
| 541 | _j1 | ||
| 541 | _j1 | ||
| 541 | _j1 | ||
| 541 | _j1 | ||
| 541 | _j1 | ||
| 541 | _j1 | ||
| 541 | _j1 | ||
| 541 | _j1 | ||
| 562 | _e1 | ||
| 942 |
_2lcc _cBK-TR _kTR |
||
| 999 |
_c6542 _d6542 |
||